Negligent valuation (Record no. 62537)

MARC details
000 -LEADER
fixed length control field 01037cam a2200229 4500
001 - CONTROL NUMBER
control field WB3607-27
008 - FIXED-LENGTH DATA ELEMENTS--GENERAL INFORMATION
fixed length control field 000000n2000 000 0 eng u
035 ## - SYSTEM CONTROL NUMBER
System control number (Sirsi) u104217
245 ## - TITLE STATEMENT
Title Negligent valuation
260 ## - PUBLICATION, DISTRIBUTION, ETC.
Date of publication, distribution, etc. 2000
490 ## - SERIES STATEMENT
Series statement Estates Gazette Case Summaries
Volume/sequential designation [2000] EGCS 16, 12 February 2000 (1)
520 ## - SUMMARY, ETC.
Summary, etc. "DNB Mortgages Ltd v Bullock & Lees (a firm)" CA 28 January 2000. DNB sued B (a firm for surveyors) for damages for negligence in overvaluing a house for the purposes of a mortgage. The judge found that the action was statute-barred, as the cause of the action had taken place more than six years previously. D appealed, claiming the judge had misdirected himself in determining when the cause of action had accrued. Appeal dismissed.
590 ## - LOCAL NOTE (RLIN)
Local note WB
600 ## - SUBJECT ADDED ENTRY--PERSONAL NAME
Personal name OVERVALUATION
650 ## - SUBJECT ADDED ENTRY--TOPICAL TERM
Topical term or geographic name entry element DNB MORTGAGES LTD V BULLOCK & LEES
650 ## - SUBJECT ADDED ENTRY--TOPICAL TERM
Topical term or geographic name entry element LIMITATIONS
650 ## - SUBJECT ADDED ENTRY--TOPICAL TERM
Topical term or geographic name entry element MORTGAGES
650 ## - SUBJECT ADDED ENTRY--TOPICAL TERM
Topical term or geographic name entry element VALUERS
650 ## - SUBJECT ADDED ENTRY--TOPICAL TERM
Topical term or geographic name entry element NEGLIGENCE
690 ## - LOCAL SUBJECT ADDED ENTRY--TOPICAL TERM (OCLC, RLIN)
Topical term or geographic name as entry element PROFESSIONAL PRACTICE-NEGLIGENCE-CASE LAW
942 ## - ADDED ENTRY ELEMENTS (KOHA)
Suppress in OPAC 0
Holdings
Withdrawn status Lost status Source of classification or shelving scheme Damaged status Not for loan Home library Current library Shelving location Date acquired Total Checkouts Full call number Barcode Date last seen Copy number Price effective from Koha item type
    Dewey Decimal Classification     London London News article 16/02/2000   WB3607-27 104217-1001 06/08/2019 1 06/08/2019 Law report